[Event "Haarlemse Meesters-IM 2018"]
[Site "Haarlem"]
[Date "2018.10.20"]
[Round "1"]
[White "Riemersma, Li"]
[Black "Daeschler, Florian"]
[Result "1/2-1/2"]
[WhiteElo "2460"]
[BlackElo "2254"]
[Annotator "TA"]
[PlyCount "80"]
[EventDate "2018.10.17"]
[EventType "tourn"]
[EventCountry "NED"]
[SourceTitle "playchess.com"]
[Source "ChessBase"]
[SourceQuality "1"]

{[%evp 27,80,16,21,0,12,-5,0,-29,-29,-21,-24,-31,-13,-13,0,0,0,0,0,-4,-1,-8,-10,-11,-11,-11,-15,-18,-18,-18,-6,-6,-6,-6,-6,-6,-6,-6,-6,-6,-6,-8,0,0,0,0,0,0,0,0,0,0,0,0,0]} 1. c4 e6 2. g3 Nf6 3. Bg2 d5 4. Nf3 Be7 5. d4 O-O 6. O-O dxc4 7. Qc2 a6 8. a4 Bd7 9. Qxc4 Bc6 10. Bg5 a5 11. Nc3 Nbd7 {E05: Open Catalan: 5 Nf3 Be7} (11... Na6 12. e3 Nb4 13. Rfd1 Nd7 14. Bxe7 Qxe7 15. e4 Rfd8 16. Rd2 Nb6 17. Qe2 Be8 18. b3 c5 19. Qe3 Rac8 {½-½ (75) Ding,L (2777)-Aronian,L (2799) Tbilisi 2017}) 12. Rfd1 h6 13. Bxf6 Nxf6 14. Rac1 Bb4 {LiveBook: 4 Games} 15. b3 $146 ({Predecessor:} 15. Ne5 Bxg2 16. Kxg2 Qe7 17. Nd3 c6 18. Qb3 Rfd8 19. e3 h5 {1-0 (43) Kozak,A (2440)-Pranav,A (2158) Budapest 2018}) 15... Qe7 16. Qd3 Rad8 17. Bf1 Bxf3 18. Qxf3 c6 19. Ne4 Nxe4 20. Qxe4 {The position is equal.} Qf6 21. e3 Rd7 22. Rd3 Rfd8 23. Rcd1 g6 24. Bg2 Kg7 25. Qg4 h5 26. Qe2 h4 27. Be4 hxg3 28. hxg3 Qg5 29. Kg2 Rh8 30. Rh1 Rxh1 31. Kxh1 Rd8 32. Rd1 Rh8+ 33. Kg1 Bd6 34. Bg2 Rd8 35. Bf3 Bb4 36. Kg2 Rh8 37. Rh1 Rxh1 38. Kxh1 Qf5 39. Qd1 Be7 40. Kg2 Bb4 {Precision: White = 76%, Black = 64%.} 1/2-1/2

[Event "Haarlemse Meesters-IM 2018"]
[Site "Haarlem"]
[Date "2018.10.20"]
[Round "1"]
[White "Bosboom, Manuel"]
[Black "Vedder, Richard"]
[Result "1/2-1/2"]
[WhiteElo "2404"]
[BlackElo "2288"]
[Annotator "NA"]
[PlyCount "119"]
[EventDate "2018.10.17"]
[EventType "tourn"]
[EventCountry "NED"]
[SourceTitle "playchess.com"]
[Source "ChessBase"]
[SourceQuality "1"]
[TimeControl "40/5400+30:1800+30"]

{[%evp 8,98,-8,-23,-13,-23,-19,-18,29,29,25,32767,23,20,32767,29,20,28,46,50,56,81,78,66,80,72,112,32767,32767,32767,32767,32767,32767,32767,127,37,49,50,29,32767,32767,10,20,32767,32767,32767,32767,11,32767,32767,32767,32767,32767,32767,128,32767,164,32767,32767,32767,32767,32767,169,112,32767,114,151,143,32767,157,554,580,32767,159,193,32767,158,118,203,32767,32767,32767,32767,32767,32767,128,114,123,32767,119,132,54,117]} 1. Nf3 {[%emt 0:00:00]} g6 {[%emt 0:00:00]} 2. c4 {[%emt 0:01:22]} c5 {[%emt 0:00:00]} 3. Nc3 {[%emt 0:03:53]} Nc6 {[%emt 0:00:18]} 4. Rb1 {[%emt 0:01:39]} Nf6 {[%emt 0:02:17]} 5. g3 {[%emt 0:04:09]} Bg7 {[%emt 0:00:07]} 6. Bg2 {[%emt 0:00:06]} O-O {[%emt 0:02:11]} 7. O-O {[%emt 0:02:07]} e5 {[%emt 0:06:10]} (7... d5 $15) 8. d3 {[%emt 0:05:14]} d6 {[%emt 0:05:09]} 9. Bg5 {[%emt 0:03:59]} h6 {[%emt 0:00:26]} 10. Bxf6 {[%emt 0:00:35]} Bxf6 {[%emt 0:00:21]} 11. a3 {[%emt 0:00:17]} a5 {[%emt 0:04:07]} 12. Ne1 {[%emt 0:07:18]} Bg7 {[%emt 0:01:36]} 13. Nc2 {[%emt 0:00:58] A38: Symmetrical English vs ...g6: 4 Bg2 Bg7 5 Nf3 Nf6} a4 {[%emt 0:12:21]} 14. Ne3 {[%emt 0:04:40] LiveBook: 5 Games} Qa5 {[%emt 0:02:40]} 15. Ned5 {[%emt 0:03:31]} Kh7 $146 {[%emt 0:01:13]} ({Predecessor:} 15... Be6 16. Nb5 Bxd5 17. Bxd5 Qd8 18. Nc3 Qa5 19. h4 Kh8 20. e3 f5 {1-0 (76) Spraggett,K (2601)-Ramesh,R (2478) Benasque 2008}) 16. e3 {[%emt 0:02:12]} Ra6 {[%emt 0:04:55]} 17. Qc2 {[%emt 0:08:55]} Na7 {[%emt 0:02:56]} 18. Ne7 {[%emt 0:02:44]} Nc6 {[%emt 0:01:33]} 19. Nxc8 {[%emt 0:02:20]} Rxc8 {[%emt 0:00:02]} 20. Nd5 {[%emt 0:05:45]} b5 {[%emt 0:07:36]} 21. f4 {[%emt 0:07:43]} (21. cxb5 $16 Qxb5 22. b4 axb3 23. Rxb3) 21... exf4 {[%emt 0:08:34]} 22. Rxf4 {[%emt 0:04:35]} bxc4 {[%emt 0:02:48]} 23. Rxf7 {[%emt 0:08:47]} Ne5 {[%emt 0:02:30]} 24. Be4 {[%emt 0:03:52]} Nxf7 {[%emt 0:05:03]} 25. Bxg6+ {[%emt 0:00:37]} Kh8 {[%emt 0:00:53]} 26. Bxf7 {[%emt 0:00:16]} Ra7 {[%emt 0:07:24]} 27. Be6 {[%emt 0:01:57]} Re8 {[%emt 0:01:28]} 28. Bg4 {[%emt 0:01:08]} cxd3 {[%emt 0:05:54]} 29. Qxd3 {[%emt 0:00:05]} Re5 {[%emt 0:00:06]} 30. Nf4 {[%emt 0:03:16]} c4 {[%emt 0:05:07]} (30... Rxe3 $1 $11 31. Ng6+ (31. Qxe3 $2 {loses.} Bd4 $19) 31... Kh7 32. Nf8+ (32. Qxe3 $2 Bd4 $19) 32... Kg8 33. Qd5+ Kh8 34. Ng6+ Kh7) 31. Qxc4 {[%emt 0:01:57]} Qc5 {[%emt 0:03:54]} (31... Re8 $16) 32. Ng6+ {[%emt 0:01:34]} Kh7 {[%emt 0:00:01]} 33. Nxe5 {[%emt 0:00:06]} Qxe3+ {[%emt 0:00:04]} 34. Kg2 {[%emt 0:02:30]} Bxe5 {[%emt 0:00:16]} 35. Qe6 {[%emt 0:01:18]} ({White should try} 35. b3 $18) 35... Kg7 {[%emt 0:01:42]} 36. Rf1 {[%emt 0:03:33]} Qe4+ {[%emt 0:00:17]} 37. Bf3 {[%emt 0:01:09]} Qg6 {[%emt 0:00:37]} 38. Qc4 {[%emt 0:00:18]} Qf7 $2 {[%emt 0:04:30]} (38... Rf7 $16 {is more resistant.} 39. Be4 (39. Qxa4 Bxb2 40. Be4 Qe6 $18) 39... Qh5) 39. Bd5 {[%emt 0:00:28]} Qg6 {[%emt 0:00:53]} 40. Be4 $2 {[%emt 0:01:39]} (40. Qc8 $18 {[%csl Gd5][%cal Rc8g8]} h5 41. Qf8+ Kh7 42. Rf5) 40... Qe8 {[%emt 0:00:55]} 41. Rf2 {[%emt 0:04:13]} Rf7 {[%emt 0:02:12]} 42. Re2 {[%emt 0:00:34]} Ra7 {[%emt 0:01:18]} (42... Qd7 $16 43. Bd5 Rf8) 43. Bd5 {[%emt 0:00:57]} Qd7 {[%emt 0:05:12]} 44. Rf2 {[%emt 0:02:37]} Bf6 {[%emt 0:03:32]} 45. Be6 {[%emt 0:01:19]} Qb7+ {[%emt 0:00:22]} 46. Kh3 {[%emt 0:00:14]} Ra5 {[%emt 0:00:24]} 47. Bf5 {[%emt 0:01:55]} h5 {[%emt 0:02:42]} 48. Qe2 {[%emt 0:04:56]} Qf7 {[%emt 0:00:40]} 49. Qe4 {[%emt 0:05:17]} ({White should try} 49. Bc2 $16) 49... Qd5 $16 {[%emt 0:04:27]} ({Black should play} 49... Bxb2 $14 50. Qc2 (50. Rxb2 Qxf5+ 51. Qxf5 Rxf5 $14) 50... Bf6) 50. Qc2 {[%emt 0:01:33]} Qf7 {[%emt 0:02:25]} 51. Be4 {[%emt 0:02:32]} Re5 {[%emt 0:03:01]} 52. Bf3 {[%emt 0:00:31]} Qd7+ {[%emt 0:01:01]} 53. Kg2 {[%emt 0:00:03]} d5 {[%emt 0:00:12]} 54. Qd3 {[%emt 0:01:14]} d4 {[%emt 0:00:25]} 55. Qa6 {[%emt 0:01:38]} Re6 {[%emt 0:01:09]} 56. Qc4 {[%emt 0:00:32]} h4 {[%emt 0:00:47]} 57. Kf1 {[%emt 0:02:53]} Re3 {[%emt 0:01:59]} 58. gxh4 {[%emt 0:02:18]} Qh3+ {[%emt 0:00:01]} 59. Bg2 {[%emt 0:01:15]} Qe6 {[%emt 0:02:12]} 60. Qxe6 {[%emt 0:02:36]} 1/2-1/2

[Event "Haarlemse Meesters-IM 2018"]
[Site "Haarlem"]
[Date "2018.10.20"]
[Round "1"]
[White "Lenaerts, Lennert"]
[Black "Van Kerkhof, David"]
[Result "0-1"]
[WhiteElo "2362"]
[BlackElo "2371"]
[Annotator "NA"]
[PlyCount "106"]
[EventDate "2018.10.17"]
[EventType "tourn"]
[EventCountry "NED"]
[SourceTitle "playchess.com"]
[Source "ChessBase"]
[SourceQuality "1"]
[TimeControl "40/5400+30:1800+30"]

1. d4 {[%emt 0:00:00]} Nf6 {[%emt 0:00:00]} 2. c4 {[%emt 0:00:00]} c5 {[%emt 0:00:00]} 3. d5 {[%emt 0:00:00]} b5 {[%emt 0:00:00]} 4. cxb5 {[%emt 0:00:00]} a6 {[%emt 0:00:00]} 5. bxa6 {[%emt 0:00:06]} g6 {[%emt 0:00:00] LiveBook: 3531 Games} 6. Nc3 {[%emt 0:00:05] A58: Benko/Volga Gambit: Lines with 5 bxa6} Bg7 {[%emt 0:00:04]} 7. e4 {[%emt 0:02:00]} (7. Nf3 O-O 8. g3 d6 9. Bg2 Nxa6 10. O-O Bf5 11. Nh4 Bd7 12. b3 Qb6 13. Bd2 Rfb8 14. Re1 Nc7 15. Qc2 Ra3 16. Qc1 Qa7 17. e4 Ng4 18. h3 {0-1 (38) Li,C (2732)-Shankland,S (2671) Liaocheng 2018}) 7... O-O {[%emt 0:00:08]} 8. a7 {[%emt 0:01:33]} Rxa7 {[%emt 0:00:30]} 9. Nf3 {[%emt 0:01:44]} e6 {[%emt 0:03:59]} 10. Be2 {[%emt 0:26:25]} exd5 {[%emt 0:00:29]} 11. exd5 {[%emt 0:00:06]} d6 {[%emt 0:00:56]} 12. O-O {[%emt 0:01:02]} Na6 {[%emt 0:03:24]} 13. Bf4 {[%emt 0:07:45]} Nc7 {[%emt 0:15:26]} 14. Re1 $146 {[%emt 0:11:20]} Re8 {[%emt 0:07:05]} 15. Bc4 {[%emt 0:02:22]} Rxe1+ {[%emt 0:18:13]} 16. Qxe1 {[%emt 0:02:32]} Ba6 {[%emt 0:00:08]} 17. b3 {[%emt 0:11:40]} Nh5 {[%emt 0:12:44]} 18. Bg5 {[%emt 0:05:23]} Qa8 {[%emt 0:02:26]} 19. Rd1 {[%emt 0:01:08]} Bxc4 {[%emt 0:08:32]} 20. bxc4 {[%emt 0:00:02]} Ra3 {[%emt 0:00:10]} 21. Ne4 {[%emt 0:06:37]} Qa6 $2 {[%emt 0:02:53]} (21... Ne8 $1 $14) 22. Rb1 {[%emt 0:01:40]} h6 {[%emt 0:01:49]} 23. Rb8+ {[%emt 0:00:49]} Kh7 {[%emt 0:00:41]} 24. Bc1 {[%emt 0:00:22]} Rxf3 {[%emt 0:02:29]} 25. gxf3 {[%emt 0:00:01]} Qxc4 {[%emt 0:00:17]} 26. Nxd6 {[%emt 0:03:54]} Qxd5 {[%emt 0:02:32]} 27. Qd2 {[%emt 0:02:05]} Qxf3 {[%emt 0:01:03]} 28. Rb7 {[%emt 0:00:33]} Ne6 {[%emt 0:08:34]} 29. Rxf7 {[%emt 0:03:38]} Qg4+ {[%emt 0:00:02]} 30. Kh1 {[%emt 0:02:11]} Ng5 {[%emt 0:00:18]} 31. f3 {[%emt 0:03:20]} Qh4 {[%emt 0:02:25]} 32. Rxg7+ {[%emt 0:02:50]} Nxg7 {[%emt 0:02:22]} 33. Qe2 {[%emt 0:01:01]} Nxf3 {[%emt 0:00:30]} 34. Qxf3 {[%emt 0:01:14]} Qe1+ {[%emt 0:00:07]} 35. Kg2 {[%emt 0:00:01]} Qxc1 {[%emt 0:00:07]} 36. Qf8 {[%emt 0:00:01]} Qc2+ {[%emt 0:01:20]} 37. Kg1 {[%emt 0:00:03]} Qb1+ {[%emt 0:00:30]} ({Finger weg von} 37... Qxa2 38. Qf4 $19) (37... c4 $142 38. Ne8 Qb1+ 39. Qf1 Qxf1+ 40. Kxf1 Nxe8) 38. Kg2 {[%emt 0:00:02]} Qxa2+ {[%emt 0:00:06]} 39. Kg1 {[%emt 0:00:04]} Qa1+ {[%emt 0:01:00]} 40. Kg2 {[%emt 0:00:01]} Qa2+ {[%emt 0:00:06]} 41. Kg1 {[%emt 0:30:03]} Qb1+ {[%emt 0:09:16]} 42. Kg2 $19 {[%emt 0:00:00]} (42. Qf1 Qb4 43. Qd1) 42... Qc2+ {[%emt 0:00:03]} 43. Kg1 {[%emt 0:00:00]} Qd1+ {[%emt 0:00:03]} 44. Kg2 {[%emt 0:00:00]} Qd5+ {[%emt 0:01:10]} 45. Kg1 {[%emt 0:00:00]} Qd4+ {[%emt 0:03:53]} 46. Kg2 {[%emt 0:00:00]} c4 {[%emt 0:00:28]} 47. Nf7 {[%emt 0:00:00]} Qd5+ {[%emt 0:01:37]} 48. Kf2 {[%emt 0:00:00]} g5 {[%emt 0:00:34]} 49. Qh8+ {[%emt 0:00:00]} Kg6 {[%emt 0:00:04]} 50. Nxh6 {[%emt 0:00:00]} c3 {[%emt 0:05:32]} 51. Ng4 {[%emt 0:00:00]} Qf5+ {[%emt 0:00:57]} 52. Kg3 {[%emt 0:00:00]} Qf4+ {[%emt 0:00:05]} 53. Kh3 {[%emt 0:00:00]} Qf3# {[%emt 0:00:37]} 0-1

[Event "Haarlemse Meesters-IM 2018"]
[Site "Haarlem"]
[Date "2018.10.20"]
[Round "1"]
[White "Basman, Michael J"]
[Black "Gijswijt, Bart"]
[Result "0-1"]
[WhiteElo "2313"]
[BlackElo "2321"]
[Annotator "NA"]
[PlyCount "55"]
[EventDate "2018.10.17"]
[EventType "tourn"]
[EventCountry "NED"]
[SourceTitle "playchess.com"]
[Source "ChessBase"]
[SourceQuality "1"]
[TimeControl "40/5400+30:1800+30"]

1. g4 {[%emt 0:00:00]} d5 {[%emt 0:00:00]} 2. h3 {[%emt 0:00:00]} e5 {[%emt 0:00:34]} 3. Bg2 {[%emt 0:00:17]} h5 {[%emt 0:00:56]} 4. c4 {[%emt 0:04:42]} dxc4 {[%emt 0:01:36]} ({Don't play} 4... hxg4 5. cxd5 Nf6 6. Nc3 $17) 5. gxh5 {[%emt 0:04:49]} c6 {[%emt 0:06:54]} 6. Nc3 {[%emt 0:02:14]} Nf6 {[%emt 0:02:48]} 7. b3 {[%emt 0:02:22]} Nxh5 {[%emt 0:05:10]} 8. bxc4 {[%emt 0:03:11]} Nf4 {[%emt 0:01:56]} 9. Bf1 {[%emt 0:01:07]} Na6 {[%emt 0:09:51]} 10. d3 {[%emt 0:07:39]} Bf5 {[%emt 0:06:31]} 11. Rb1 {[%emt 0:09:33]} Nc5 {[%emt 0:06:29]} 12. Nf3 {[%emt 0:06:56]} Qf6 {[%emt 0:06:00]} 13. Be3 {[%emt 0:10:18]} Rd8 {[%emt 0:04:01]} 14. Na4 {[%emt 0:05:24]} (14. Nd2 {might work better.}) 14... Ncxd3+ {[%emt 0:14:44]} 15. exd3 {[%emt 0:00:11]} Nxd3+ {[%emt 0:00:11]} 16. Bxd3 {[%emt 0:00:45]} Rxd3 {[%emt 0:00:58]} 17. Nd2 {[%emt 0:02:29]} Qg6 {[%emt 0:07:18]} 18. Rb3 {[%emt 0:12:22]} Bb4 {[%emt 0:08:26]} 19. Qe2 $2 {[%emt 0:07:22]} (19. Ke2 $17 {is tougher.} Rxd2+ 20. Bxd2) 19... Rxb3 {[%emt 0:01:06]} 20. axb3 {[%emt 0:00:04]} Bd3 {[%emt 0:00:09]} 21. Qf3 {[%emt 0:08:43]} Be4 {[%emt 0:00:18]} 22. Qg3 {[%emt 0:00:05]} Qxg3 {[%emt 0:00:08]} 23. fxg3 {[%emt 0:00:00]} Bxh1 {[%emt 0:00:21]} 24. h4 {[%emt 0:00:27]} b6 {[%emt 0:01:41]} 25. Ke2 {[%emt 0:01:37]} Ke7 {[%emt 0:02:27]} 26. Nb2 {[%emt 0:00:05]} Bxd2 {[%emt 0:02:21]} 27. Bxd2 {[%emt 0:00:03]} Be4 {[%emt 0:00:25]} 28. Ke1 $19 {[%emt 0:03:20]} 0-1

[Event "Haarlemse Meesters-IM 2018"]
[Site "Haarlem"]
[Date "2018.10.20"]
[Round "1"]
[White "Van Baar, Esper"]
[Black "Harff, Marcel"]
[Result "1/2-1/2"]
[WhiteElo "2223"]
[BlackElo "2420"]
[Annotator "TA"]
[PlyCount "41"]
[EventDate "2018.10.17"]
[EventType "tourn"]
[EventCountry "NED"]
[SourceTitle "playchess.com"]
[Source "ChessBase"]
[SourceQuality "1"]

{[%evp 22,41,20,23,18,17,16,32,20,18,8,10,20,10,17,2,7,12,18,21,33,-10]} 1. e4 e6 2. d4 d5 3. Nd2 Be7 4. Bd3 dxe4 5. Nxe4 Nf6 6. Nf3 Nbd7 7. O-O O-O 8. Qe2 b6 9. Nxf6+ Nxf6 10. Bg5 Bb7 11. Rad1 Qd6 {C10: Französische Verteidigung (Rubinstein-Variante)} (11... Bxf3 12. Qxf3 Qd5 13. Qxd5 Nxd5 14. Bc1 Rfd8 15. a3 c6 16. c4 Nf6 17. Be2 Rac8 18. g3 Kf8 19. Be3 c5 {½-½ (52) Safarli,E (2657)-Tiviakov,S (2569) Nakhchivan 2018}) 12. Rfe1 {LiveBook: 4 Partien} h6 {[#] Weiss muss nun ...Lxf3 beachten.} 13. Bh4 Nh5 $146 {Die Stellung ist ausgeglichen.} ({Vorgänger:} 13... Rad8 14. Bg3 Qd7 15. c4 Qc8 16. Bb1 Rfe8 17. Bc2 c5 18. Ba4 Bc6 19. Bxc6 Qxc6 {1-0 (35) Teichmann,C (2470)-Ekmark,R (1820) ICCF email 2000}) 14. Bxe7 Qxe7 15. Be4 Bxe4 16. Qxe4 Nf6 17. Qe2 Qd6 18. a3 c5 19. Qe5 Qxe5 20. dxe5 Nd5 21. c4 1/2-1/2

[Event "Haarlemse Meesters-IM 2018"]
[Site "Haarlem"]
[Date "2018.10.21"]
[Round "2"]
[White "Harff, Marcel"]
[Black "Riemersma, Li"]
[Result "0-1"]
[WhiteElo "2420"]
[BlackElo "2460"]
[Annotator "TA"]
[PlyCount "92"]
[EventDate "2018.10.17"]
[EventType "tourn"]
[EventCountry "NED"]
[SourceTitle "playchess.com"]
[Source "ChessBase"]
[SourceQuality "1"]

{[%evp 17,92,-10,-2,-104,-105,-97,-87,-81,-82,-179,-184,-194,-193,-193,-188,-190,-191,-200,-197,-202,-193,-197,-187,-199,-190,-206,-196,-189,-159,-209,-222,-238,-222,-262,-271,-265,-251,-302,-187,-193,-184,-316,-316,-316,-316,-316,-316,-316,-314,-308,-308,-306,-299,-299,-298,-1375,-1363,-1257,-1234,-1473,-1421,-5427,-4945,-5510,-1831,-29967,-12652,-29977,-29978,-29978,-29979,-29979,-29980,-29981,-29982,-29983,-29984]} 1. c4 e5 2. Nc3 Nf6 {[%cal Bg8f6,Bf6e4,Be4c5,Bc5b3][%mdl 32]} 3. Nf3 Nc6 4. e3 Bb4 5. Qc2 Bxc3 6. Qxc3 Qe7 7. d4 {A28: Englische Eröffnung (Vierspringer-Variante)} Ne4 8. Qd3 exd4 9. Nxd4 O-O {LiveBook: 16 Partien} 10. a3 (10. Be2 $11) (10. Be2 Qb4+ 11. Kf1 Qe7 12. f3 f5 13. Qd1 Nc5 14. Kf2 d6 {½-½ (23) Caruana,F (2827)-Ding,L (2804) Batumi 2018}) 10... Nc5 $1 $17 {[%cal Rc5d3]} ({Bitte nicht} 10... Nxd4 $6 11. Qxd4 b6 12. Be2 $11) 11. Qe2 Nxd4 12. exd4 {[#]} Qxe2+ $1 13. Kxe2 $146 (13. Bxe2 $17 Nb3 14. Rb1) ({Vorgänger:} 13. Bxe2 Nb3 14. Rb1 Nxd4 {0-1 (41) Packroff,H-Hobusch,W DDR 1976}) 13... Nb3 $1 $19 {[%csl LRa1,LRd4]} 14. Rb1 {[#]} d5 $1 ({Bloß nicht} 14... Nxd4+ 15. Kd3 $17) 15. Be3 dxc4 16. Kf3 b5 17. Be2 Bb7+ 18. Kg3 Rad8 19. Rbd1 Rfe8 20. h4 a6 21. h5 h6 22. Rh4 Re4 23. Rf4 Rxf4 24. Kxf4 Bxg2 25. f3 Bh3 26. d5 Bc8 27. Kg3 Bb7 28. Bf4 Rxd5 29. Bxc7 (29. Rxd5 {ist der einzige Weg für Weiss..} Bxd5 30. Bxc7) 29... Nd4 ({Finger weg von} 29... Rxh5 30. Rd8+ Kh7 31. Bd1 $19) 30. Kf2 Nxe2 31. Rxd5 Bxd5 32. Kxe2 {[%mdl 4096] Endspiel KL-KL} f6 33. Ke3 Bf7 34. Kd4 Bxh5 35. f4 g5 36. fxg5 $2 (36. a4) 36... hxg5 37. Kc5 Kf7 38. Kb6 Be2 39. Bd6 f5 {[%cal Bf6f5,Bf5f4][%mdl 32]} 40. Bb4 f4 41. Kc5 Ke6 42. Kd4 Kf5 {Schwarz setzt Matt.} 43. Kc3 g4 {[%cal Bg5g4,Bg4g3][%mdl 32]} 44. Kd2 Bd3 45. Bd6 g3 46. Ke1 Kg4 {Precision: Weiß = 33%, Schwarz = 89%.} 0-1

[Event "Haarlemse Meesters-IM 2018"]
[Site "Haarlem"]
[Date "2018.10.21"]
[Round "2"]
[White "Van Kerkhof, David"]
[Black "Van Baar, Esper"]
[Result "1/2-1/2"]
[WhiteElo "2371"]
[BlackElo "2223"]
[Annotator "NA"]
[PlyCount "123"]
[EventDate "2018.10.17"]
[EventType "tourn"]
[EventCountry "NED"]
[SourceTitle "playchess.com"]
[Source "ChessBase"]
[SourceQuality "1"]
[TimeControl "40/5400+30:1800+30"]

1. e4 {[%emt 0:00:00]} c5 {[%emt 0:00:14]} 2. Nf3 {[%emt 0:00:00]} d6 {[%emt 0:00:04]} 3. d4 {[%emt 0:00:00]} cxd4 {[%emt 0:00:05]} 4. Nxd4 {[%emt 0:00:02]} Nf6 {[%emt 0:00:07]} 5. Nc3 {[%emt 0:00:03]} a6 {[%emt 0:00:05]} 6. Be3 {[%emt 0:00:23]} e5 {[%emt 0:01:29]} 7. Nf3 {[%emt 0:00:08]} Be7 {[%emt 0:00:10]} 8. Bc4 {[%emt 0:00:10]} O-O {[%emt 0:00:24]} 9. O-O {[%emt 0:00:05]} Qc7 {[%emt 0:00:10]} 10. Qe2 $146 {[%emt 0:03:32] B90: Sicilian Najdorf: Unusual White 6th moves, 6 Be3 Ng4 and 6 Be3 e5} (10. Bb3 Be6 11. Nh4 g6 12. Bh6 Re8 13. Qd2 Nbd7 14. Nf5 Bxb3 15. axb3 Nc5 16. Rae1 Ne6 17. Ne3 Rac8 18. h3 Bf8 19. Bxf8 Rxf8 {1-0 (46) Giri,A (2755)-Anand,V (2776) Moscow 2016}) 10... Be6 {[%emt 0:01:34]} 11. Bb3 {[%emt 0:00:09]} Rc8 {[%emt 0:00:14]} 12. Rfd1 {[%emt 0:01:06]} b5 {[%emt 0:03:02]} 13. Rac1 {[%emt 0:08:11]} Nbd7 {[%emt 0:04:02]} 14. Bg5 {[%emt 0:06:47] LiveBook: 12 Games} h6 {[%emt 0:07:25]} 15. Bxf6 {[%emt 0:03:12]} Nxf6 {[%emt 0:00:58]} 16. Nd5 {[%emt 0:01:57]} Nxd5 {[%emt 0:04:11]} 17. Bxd5 {[%emt 0:00:10]} Bxd5 {[%emt 0:01:40]} 18. Rxd5 {[%emt 0:00:02]} Qc4 {[%emt 0:03:54]} 19. Qxc4 {[%emt 0:04:09]} Rxc4 {[%emt 0:02:01]} 20. Nd2 {[%emt 0:01:55]} Rc6 {[%emt 0:00:48]} 21. c3 {[%emt 0:03:18]} Rb8 {[%emt 0:16:09]} 22. Rd1 {[%emt 0:10:03]} g6 {[%emt 0:04:21]} 23. Kf1 {[%emt 0:03:57]} h5 {[%emt 0:08:24]} 24. Ke2 {[%emt 0:02:17]} Kg7 {[%emt 0:01:34]} 25. g3 {[%emt 0:06:08]} h4 {[%emt 0:05:16]} 26. a3 {[%emt 0:02:13]} hxg3 {[%emt 0:03:30]} 27. hxg3 {[%emt 0:00:02]} a5 {[%emt 0:04:28]} 28. Nb3 {[%emt 0:02:50]} Ra6 {[%emt 0:00:26]} 29. Kd3 {[%emt 0:01:16]} Bd8 {[%emt 0:04:41]} 30. Kc2 {[%emt 0:03:12]} Bc7 {[%emt 0:10:56]} 31. Ra1 {[%emt 0:06:02]} Rc6 {[%emt 0:00:00]} 32. a4 {[%emt 0:09:42]} bxa4 {[%emt 0:03:04]} 33. Nd2 {[%emt 0:00:11]} Bb6 {[%emt 0:00:24]} 34. f3 {[%emt 0:00:03]} Rh8 {[%emt 0:04:07]} 35. g4 {[%emt 0:04:21]} Rh2 {[%emt 0:01:56]} 36. Rd3 {[%emt 0:02:22]} f5 {[%emt 0:01:58]} 37. gxf5 {[%emt 0:00:41]} gxf5 {[%emt 0:00:04]} 38. Rxa4 {[%emt 0:00:12]} f4 {[%emt 0:01:48]} 39. Kb1 {[%emt 0:03:36]} Rf2 {[%emt 0:01:44]} 40. Nc4 {[%emt 0:00:31]} Bc7 {[%emt 0:01:27]} 41. Nxa5 {[%emt 0:41:51]} Ra6 {[%emt 0:07:29]} 42. b4 {[%emt 0:00:00]} Bb6 {[%emt 0:13:17]} 43. Rxd6 {[%emt 0:00:00]} Rxf3 {[%emt 0:00:03]} 44. Kc2 {[%emt 0:00:00]} Rf1 {[%emt 0:03:53]} 45. c4 {[%emt 0:00:00]} f3 {[%emt 0:01:16]} 46. Ra3 $11 {[%emt 0:00:00]} ({Don't blunder} 46. c5 $2 f2 $19) 46... f2 {[%emt 0:02:30]} 47. Rg3+ {[%emt 0:00:00]} Kf7 {[%emt 0:01:37]} 48. Rf3+ {[%emt 0:00:00]} Ke7 {[%emt 0:00:06]} 49. c5 {[%emt 0:00:00]} Rxa5 {[%emt 0:03:15]} 50. bxa5 {[%emt 0:00:00]} Bxc5 {[%emt 0:00:02]} 51. Rd1 {[%emt 0:00:00]} Re1 {[%emt 0:00:27]} 52. Rd5 {[%emt 0:00:38]} Bd4 {[%emt 0:00:35]} 53. Rxd4 {[%emt 0:00:12]} exd4 {[%emt 0:00:13]} 54. Rxf2 {[%emt 0:00:01]} Rxe4 {[%emt 0:00:08]} 55. Kd3 {[%emt 0:00:36]} Re3+ {[%emt 0:02:13]} 56. Kxd4 {[%emt 0:00:05]} Ra3 {[%emt 0:00:46]} 57. Rf5 {[%emt 0:00:02]} Ra4+ {[%emt 0:00:58]} 58. Kc3 {[%emt 0:00:17]} Kd6 {[%emt 0:00:37]} 59. Kb3 {[%emt 0:00:10]} Ra1 {[%emt 0:00:14]} 60. Kb4 {[%emt 0:00:19]} Kc6 {[%emt 0:00:49]} 61. Rf6+ {[%emt 0:00:10]} Kb7 {[%emt 0:00:14]} 62. Kb5 {[%emt 0:00:23]} 1/2-1/2

[Event "Haarlemse Meesters-IM 2018"]
[Site "Haarlem"]
[Date "2018.10.21"]
[Round "2"]
[White "Gijswijt, Bart"]
[Black "Vedder, Richard"]
[Result "1-0"]
[WhiteElo "2321"]
[BlackElo "2288"]
[Annotator "RC"]
[PlyCount "45"]
[EventDate "2018.10.17"]
[EventType "tourn"]
[EventCountry "NED"]
[SourceTitle "playchess.com"]
[Source "ChessBase"]
[SourceQuality "1"]
[TimeControl "40/5400+30:1800+30"]

1. d4 {[%emt 0:00:00]} d5 {[%emt 0:00:00]} 2. c4 {[%emt 0:00:00]} dxc4 {[%emt 0:00:00]} 3. Nf3 {[%emt 0:00:07]} a6 {[%emt 0:00:00]} 4. e4 {[%emt 0:00:48]} b5 {[%emt 0:00:11]} 5. b3 {[%emt 0:00:26]} Bb7 {[%emt 0:03:42]} 6. bxc4 {[%emt 0:00:21]} Bxe4 {[%emt 0:01:04]} 7. Nc3 {[%emt 0:01:03]} Bb7 {[%emt 0:03:12]} 8. cxb5 {[%emt 0:00:21]} Nd7 {[%emt 0:09:19]} 9. bxa6 {[%emt 0:05:43]} Bxa6 {[%emt 0:01:02]} 10. Bxa6 {[%emt 0:00:21]} Rxa6 {[%emt 0:00:03]} 11. O-O {[%emt 0:02:20]} Ngf6 {[%emt 0:01:24]} 12. Qd3 {[%emt 0:16:51]} Qa8 {[%emt 0:07:52]} 13. Bf4 {[%emt 0:00:54]} c6 {[%emt 0:01:49]} 14. Ne5 {[%emt 0:09:53]} e6 {[%emt 0:06:37]} 15. Nxd7 {[%emt 0:10:13]} Nxd7 {[%emt 0:00:59]} 16. d5 {[%emt 0:06:08]} Nc5 {[%emt 0:02:48]} 17. Qd4 {[%emt 0:04:49]} exd5 {[%emt 0:07:20]} 18. Qe5+ {[%emt 0:05:31]} Ne6 {[%emt 0:00:41]} 19. Rab1 {[%emt 0:00:50]} Kd7 {[%emt 0:04:17]} 20. Rb8 {[%emt 0:00:58]} Qa7 {[%emt 0:00:38]} 21. Rfb1 {[%emt 0:00:30]} Nd8 {[%emt 0:02:46]} 22. Rxd8+ {[%emt 0:00:48]} Kxd8 {[%emt 0:00:09]} 23. Rb8+ {[%emt 0:00:00]} 1-0